AFL Football Families - Statistics

General Stats
  • This quiz has been taken 286 times
  • The average score is 10 of 24
Answer Stats
First Names Last Name % Correct
Gary Jnr, Gary Snr, Nathan Ablett
97%
Cyril, Daniel, Dean, Maurice Rioli
83%
Anthony, Chris, Darcy, Joe, Neale, Terry Daniher
75%
Adam, Joel, Scott, Troy Selwood
74%
Tim, Jobe, Larry Watson
73%
Sergio, Stephen, Alex, Jack Silvagni
67%
Peter, Josh Daicos
66%
Ian, Mark, Angus, Hamish, Andrew Brayshaw
56%
Brayden, Heath, Neville, Ray, Reg, Rhyce, Tony Shaw
52%
Gavin, Callum, Tyler Brown
49%
Ron Snr, Ron Jnr Barassi
47%
Gordon, Syd Snr, Syd Jnr, Hugh, Gordon Coventry
46%
Anthony, Saverio Rocca
46%
John Snr, John Jnr, Josh Kennedy
45%
Lou, Ron, Ed Richards
44%
Cameron, David, Jason, Peter, David, Travis Cloke
39%
Daniel, Marlon, Steven, Rod, Shannon Motlop
21%
Gary, Allen, Glen Jakovich
19%
Andrew.J, Andrew.L, Jim, Nathan, Phil Krakouer
17%
Ray, Luke, Matthew Ball
7%
Jack, Michael, Robb, Tom Hawkins
7%
David, Harry, Stephen Kernahan
6%
Bill Snr, Bill Jnr, David, Mick, Pat Twomey
3%
Justin, Leigh, Matthew, Nicholas Westhoff
2%
No matching quizzes found
Score Distribution
Percent of People with Each Score
Percentile by Number Answered
Your Score History
You have not taken this quiz